000 00609nam a2200181Ia 4500
008 090630s9999 xx 000 0 und d
082 _b12831
100 _aबांदोडकर व. पु.
245 _aनम्रता.
_cबांदोडकर व. पु.
260 _bचंद्रनाथ साहित्य - विरार.
_c1989
300 _a153
600 _aबांदोडकर व. पु.
630 _aनम्रता.
655 _aकादंबरी.
700 _aबांदोडकर व. पु.
730 _aनम्रता.
942 _cBOOK
999 _c264687
_d264687